Estatísticas para Esportes por Atleta

Clique aqui para jogar o quiz

Estatísticas Gerais

  • Esse quiz foi jogado 4 059 vezes
  • A pontuação média é 11 de 30

Estatísticas das Respostas

AtletaEsporte% Correto
David BeckhamFutebol
98%
Michael JordanBasquetebol
95%
Roger FedererTênis
94%
Michael PhelpsNatação
92%
Muhammad AliBoxe
80%
Tiger WoodsGolfe
78%
Tony HawkSkate
65%
Nadia ComăneciGinástica
57%
Joe MontanaFutebol Americano
54%
Babe RuthBeisebol
50%
Lance ArmstrongCiclismo
46%
Jan-Ove WaldnerTênis de Mesa
40%
Wayne GretzkyHóquei no Gelo
39%
Randy CoutureArtes Marciais Mistas
34%
Duke KahanamokuSurfe
30%
Jonah LomuRúgbi de Quinze
28%
Ronnie O'SullivanSinuca
17%
Misty MayVôlei de Praia
17%
Usain BoltCorrida de Velocidade
16%
Sachin TendulkarCríquete
16%
Hermann MaierEsqui Alpino
15%
Shaun WhiteSnowboarding
14%
Bill KazmaierLevantamento de Peso
12%
Kevin MartinCurling
8%
Kim YunaPatinação Artística
8%
Alexander KarelinLuta Greco-Romana
7%
Greg LouganisSaltos Ornamentais
6%
David BelleParkour
4%
Edwin MosesCorrida com Barreiras
3%
Apolo OhnoPatinação de Velocidade
3%

Distribuição das Pontuações

Percentil de Números Respondidos

Porcentagem de Pessoas com Cada Pontuação

Sua Pontuação Histórica

Você não jogou esse quiz